| 000 | 00405 a2200133 4500 | ||
|---|---|---|---|
| 005 | 20250516092309.0 | ||
| 020 | _a1-84542-949-4 | ||
| 082 | _a658.408 HAN | ||
| 245 | _aHandbook on Responsible Leadership and Governance in Global Business. | ||
| 260 |
_aCheltenham, _bEdward Elgal publishing Limited, _c2005. |
||
| 300 |
_axii, 416p.: Ill.; figures _bIndex _c25cm. |
||
| 700 | _aDOH, P. J. | ||
| 942 |
_2ddc _cBKS |
||
| 999 |
_c2373 _d2373 |
||